|
|
|
|
| LEADER |
00000nam a2200000 a 4500 |
| 001 |
vtls001333596 |
| 003 |
SK-MaSNL |
| 005 |
20260302070612.0 |
| 008 |
240314s1989 xr 0 cze |
| 035 |
|
|
|a SNK000286520
|
| 040 |
|
|
|a SNK
|b slo
|c SNK
|e AACR2
|
| 041 |
0 |
|
|a cze
|
| 044 |
|
|
|a CZ
|
| 080 |
|
|
|a 885.0-94-34=84
|2 1981
|
| 100 |
1 |
|
|a Lukešová, Milena,
|d 1922-2008
|4 aut
|9 219646
|
| 245 |
1 |
0 |
|a Józio i ryby
|c Milena Lukešová ; il. Jan Kudláček ; tekst polski: Andrzej Magala
|
| 260 |
|
|
|a Praga
|b Albatros
|c [1989]
|
| 300 |
|
|
|a [64] s.
|c 4°
|
| 700 |
1 |
|
|a Kudláček, Jan,
|d 1928-2017
|4 ilu
|9 228605
|
| 958 |
|
|
|a RK
|
| 958 |
|
|
|a OND
|
| 999 |
|
|
|c 1148024
|d 1149954
|
| 952 |
|
|
|t P60, <04>, [BOOK], {604}
|a SNK
|b SNK
|y VYP
|7 0
|o snkIB 63355
|i snkKIP 65/90
|0 0
|1 0
|4 0
|d 1998-06-09
|l 0
|r 2005-01-02 00:00:00
|w 2026-02-24
|
| 952 |
|
|
|t P60, <04>, [BOOK], {604}
|a SNK
|b SNK
|y VYP
|7 0
|o snkIB 63355 D1
|i snkKIP 66/90
|0 0
|1 0
|4 0
|d 1998-06-09
|l 0
|r 2005-01-02 00:00:00
|w 2026-02-24
|